[Event "Messina op-A 1st"]
[Site "Messina"]
[Date "2011.09.03"]
[Round "9"]
[White "Naumkin, Igor"]
[Black "Pinton, Maurizio"]
[Result "1-0"]
[WhiteElo "2486"]
[BlackElo "2016"]
[PlyCount "69"]
[EventDate "2011.08.28"]
[EventType "swiss"]
[EventRounds "9"]
[EventCountry "ITA"]
[SourceTitle "CBM 144 Extra"]
[Source "ChessBase"]
[SourceDate "2011.10.28"]
[SourceVersion "1"]
[SourceVersionDate "2011.10.28"]
[SourceQuality "1"]

1. d4 e6 2. c4 b6 3. Nf3 Bb7 4. g3 Bxf3 5. exf3 c5 6. d5 exd5 7. cxd5 Bd6 8. Bg2 Nf6 9. 0-0 0-0 10. Na3 Na6 11. Nc4 Ne8 12. f4 b5 13. Ne3 Rb8 14. b3 Be7 15. g4 Bf6 16. Rb1 g6 17. g5 Bg7 18. h4 f6 19. Qg4 Nb4 20. f5 fxg5 21. hxg5 gxf5 22. Nxf5 Nd3 23. Be4 Ne5 24. Qh5 Ng6 25. d6 Rxf5 26. Bxf5 Nxd6 27. Bc2 Nf7 28. Bd2 b4 29. Rbe1 Rb6 30. Re2 Nf8 31. Rfe1 Re6 32. f4 Bd4+ 33. Kg2 Nd6 34. f5 Qa8+ 35. Qf3 1-0

[Event "Messina op-A 1st"]
[Site "Messina"]
[Date "2011.09.02"]
[Round "8"]
[White "Pinton, Maurizio"]
[Black "Pisacane, Pietro"]
[Result "1/2-1/2"]
[WhiteElo "2016"]
[BlackElo "1948"]
[PlyCount "91"]
[EventDate "2011.08.28"]
[EventType "swiss"]
[EventRounds "9"]
[EventCountry "ITA"]
[SourceTitle "CBM 144 Extra"]
[Source "ChessBase"]
[SourceDate "2011.10.28"]
[SourceVersion "1"]
[SourceVersionDate "2011.10.28"]
[SourceQuality "1"]

1. d4 Nf6 2. Nf3 g6 3. Nc3 d5 4. Bf4 c6 5. e3 Bg7 6. Be2 0-0 7. Ne5 Nfd7 8. Nd3 f6 9. h4 h6 10. Qd2 e5 11. Bg3 b5 12. 0-0-0 a5 13. f4 e4 14. Nf2 Nb6 15. h5 g5 16. fxg5 fxg5 17. Rdf1 b4 18. Ncd1 Ba6 19. Ng4 Bxe2 20. Rxf8+ Qxf8 21. Qxe2 N8d7 22. Rf1 Qe7 23. Rf5 a4 24. Ne5 Nxe5 25. Bxe5 b3 26. cxb3 axb3 27. axb3 Ra1+ 28. Kc2 Bxe5 29. Rxe5 Qf7 30. Qg4 Nd7 31. Re6 Kh7 32. Rxc6 Ra7 33. Qe2 Nf6 34. g4 Rc7 35. Rxc7 Qxc7+ 36. Kb1 Qg3 37. Nf2 Kg7 38. b4 Qg1+ 39. Kc2 Qh2 40. Kb3 Nxg4 41. Qxg4 Qxf2 42. Qd7+ Qf7 43. Qh3 Qf3 44. Qd7+ Qf7 45. Qh3 Qf3 46. Qd7+ 1/2-1/2

[Event "Messina op-A 1st"]
[Site "Messina"]
[Date "2011.09.01"]
[Round "6"]
[White "Pinton, Maurizio"]
[Black "Familari, Giuseppe"]
[Result "1/2-1/2"]
[WhiteElo "2016"]
[BlackElo "1985"]
[PlyCount "63"]
[EventDate "2011.08.28"]
[EventType "swiss"]
[EventRounds "9"]
[EventCountry "ITA"]
[SourceTitle "CBM 144 Extra"]
[Source "ChessBase"]
[SourceDate "2011.10.28"]
[SourceVersion "1"]
[SourceVersionDate "2011.10.28"]
[SourceQuality "1"]

1. d4 Nf6 2. Nf3 g6 3. Bg5 Bg7 4. e3 0-0 5. Nbd2 d6 6. h3 Nc6 7. c3 e5 8. d5 Ne7 9. e4 Nh5 10. g4 Nf4 11. Bxf4 exf4 12. Bd3 f5 13. gxf5 gxf5 14. Qc2 fxe4 15. Bxe4 Bf5 16. 0-0-0 Qd7 17. Ng5 h6 18. Bxf5 Rxf5 19. Ne6 Rxd5 20. Nxg7 Kxg7 21. Rdg1+ Rg5 22. Ne4 Rxg1+ 23. Rxg1+ Kh8 24. Qd2 Qf5 25. Nxd6 cxd6 26. Qxd6 Qf8 27. Qe5+ Kh7 28. Qe4+ Kh8 29. Qe5+ Kh7 30. Qe4+ Kh8 31. Qe5+ Kh7 32. Qe4+ 1/2-1/2

[Event "Messina op-A 1st"]
[Site "Messina"]
[Date "2011.08.30"]
[Round "4"]
[White "Pinton, Maurizio"]
[Black "Scattareggia, Domenico"]
[Result "0-1"]
[WhiteElo "2016"]
[BlackElo "2018"]
[PlyCount "34"]
[EventDate "2011.08.28"]
[EventType "swiss"]
[EventRounds "9"]
[EventCountry "ITA"]
[SourceTitle "CBM 144 Extra"]
[Source "ChessBase"]
[SourceDate "2011.10.28"]
[SourceVersion "1"]
[SourceVersionDate "2011.10.28"]
[SourceQuality "1"]

1. d4 d5 2. e3 Nf6 3. Bd3 e6 4. Nd2 c5 5. c3 Nbd7 6. f4 h5 7. Ngf3 c4 8. Bc2 Be7 9. 0-0 Ng4 10. Qe2 f5 11. b3 b5 12. bxc4 bxc4 13. e4 fxe4 14. Nxe4 dxe4 15. Qxe4 Nb6 16. Qg6+ Kf8 17. Be4 Rh6 0-1

[Event "St Eufemia d'Aspromonte op 4th"]
[Site "St Eufemia d'Aspromonte"]
[Date "2011.01.05"]
[Round "7"]
[White "Martorelli, Antonio"]
[Black "Pinton, Maurizio"]
[Result "1-0"]
[WhiteElo "2242"]
[BlackElo "2029"]
[PlyCount "79"]
[EventDate "2011.01.02"]
[EventType "swiss"]
[EventRounds "9"]
[EventCountry "ITA"]
[SourceTitle "CBM 140 Extra"]
[Source "ChessBase"]
[SourceDate "2011.03.01"]
[SourceVersion "1"]
[SourceVersionDate "2011.03.01"]
[SourceQuality "1"]

1. e4 d5 2. exd5 Qxd5 3. Nc3 Qd6 4. d4 Nf6 5. Nf3 a6 6. Bd3 Nc6 7. 0-0 Bg4 8. Ne4 Nxe4 9. Bxe4 0-0-0 10. Bxc6 Qxc6 11. Ne5 Bxd1 12. Nxc6 bxc6 13. Rxd1 c5 14. Be3 cxd4 15. Rxd4 e5 16. Rxd8+ Kxd8 17. Rd1+ Kc8 18. Rd5 Bd6 19. Kf1 Kd7 20. Ra5 Ra8 21. c4 c6 22. c5 Bc7 23. Ra4 f5 24. f4 exf4 25. Bxf4 Bxf4 26. Rxf4 Ke6 27. Rd4 Rc8 28. Rd6+ Ke5 29. Rd7 Rb8 30. b3 Rb5 31. Rxg7 Rxc5 32. Rxh7 Rc1+ 33. Kf2 Rc2+ 34. Kf3 Rxa2 35. h4 Ra3 36. Rb7 c5 37. h5 c4 38. h6 Rxb3+ 39. Rxb3 cxb3 40. h7 1-0

[Event "St Eufemia d'Aspromonte op 4th"]
[Site "St Eufemia d'Aspromonte"]
[Date "2011.01.02"]
[Round "1"]
[White "Pinton, Maurizio"]
[Black "Lazic, Miroljub"]
[Result "0-1"]
[WhiteElo "2029"]
[BlackElo "2502"]
[PlyCount "82"]
[EventDate "2011.01.02"]
[EventType "swiss"]
[EventRounds "9"]
[EventCountry "ITA"]
[SourceTitle "CBM 140 Extra"]
[Source "ChessBase"]
[SourceDate "2011.03.01"]
[SourceVersion "1"]
[SourceVersionDate "2011.03.01"]
[SourceQuality "1"]

1. f4 c5 2. b3 Nc6 3. Bb2 d5 4. e3 a6 5. Nf3 Bg4 6. Be2 e6 7. 0-0 Nf6 8. Qe1 Nb4 9. Bd1 Bxf3 10. Rxf3 Qc7 11. d3 Nc6 12. Qg3 h5 13. Nd2 h4 14. Qe1 0-0-0 15. e4 dxe4 16. dxe4 Nh5 17. e5 Nd4 18. Rf1 Be7 19. Ne4 f5 20. exf6 gxf6 21. Qe3 Ng7 22. c3 Ndf5 23. Qe1 Kb8 24. Bc2 Nh5 25. Bc1 Rdg8 26. Bd1 Qb6 27. Be3 Nxe3 28. Qxe3 Qc7 29. f5 exf5 30. Rxf5 Ng7 31. Rd5 Rd8 32. Rxd8+ Rxd8 33. Bf3 f5 34. Nd2 c4 35. b4 Rd3 36. Qh6 Bd6 37. Nxc4 Bxh2+ 38. Kh1 Bf4 39. Qh8+ Rd8 40. Qxh4 Ne6 41. Re1 Bg3 0-1

[Event "Lega Veneta Magistrale 10th"]
[Site "Padova"]
[Date "1986.12.14"]
[Round "4"]
[White "Caruso, Augusto"]
[Black "Pinton, Maurizio"]
[Result "1/2-1/2"]
[WhiteElo "1900"]
[BlackElo "1900"]
[PlyCount "80"]
[EventDate "1986.12.13"]
[EventType "tourn"]
[EventRounds "8"]
[EventCountry "ITA"]
[SourceTitle "EXT 2022"]
[Source "ChessBase"]
[SourceDate "2021.10.06"]
[SourceVersion "1"]
[SourceVersionDate "2021.10.06"]
[SourceQuality "1"]

1. e4 Nf6 2. Nc3 d5 3. e5 d4 4. exf6 dxc3 5. bxc3 exf6 6. d4 Bd6 7. Bd3 0-0 8. Ne2 Bg4 9. 0-0 Nc6 10. f3 Bh5 11. Nf4 Bg6 12. Nxg6 hxg6 13. Be3 f5 14. Qd2 Be7 15. Bb5 Na5 16. c4 b6 17. Qd3 Bf6 18. Rad1 c6 19. Ba4 Qe7 20. Bd2 Rad8 21. Bc3 Nxc4 22. Rfe1 Nb2 23. Bxb2 Qb4 24. Bb3 c5 25. Qc4 Qa5 26. Qa4 Qxa4 27. Bxa4 b5 28. Bxb5 Rb8 29. a4 a6 30. c4 axb5 31. axb5 Rfd8 32. Re2 cxd4 33. Rd3 Rdc8 34. Bxd4 Rxc4 35. Bxf6 gxf6 36. Rb3 Rc5 37. b6 Rb7 38. Kf2 Rc6 39. Reb2 Kg7 40. Ke3 Re7+ 1/2-1/2